Análisis de interacciones y conflictos viales de forma semiautomatizada en intersecciones de Montes de Oca y Curridabat
Salvato in:
| Autore principale: | |
|---|---|
| Altri autori: | |
| Natura: | Libro |
| Lingua: | Spanish |
| Pubblicazione: |
[San José], Costa Rica
2021
|
| Soggetti: | |
| Accesso online: | https://cedi.ucr.ac.cr/civil/analisis-de-interacciones-y-conflictos-viales-de-forma-semiautomatizada-en-intersecciones-de-montes-de-oca-y-curridabat/ |
| Tags: |
Aggiungi Tag
Nessun Tag, puoi essere il primo ad aggiungerne!!
|
MARC
| LEADER | 00000nam a2200000Ia 4500 | ||
|---|---|---|---|
| 003 | 013387 | ||
| 005 | 20230509141913.0 | ||
| 008 | 140116s2021 cr a 000 ||spa d | ||
| 040 | |c cru CEDI | ||
| 100 | |a Soto Guerrero, Anie Melissa |9 130 | ||
| 245 | |a Análisis de interacciones y conflictos viales de forma semiautomatizada en intersecciones de Montes de Oca y Curridabat | ||
| 260 | |a [San José], Costa Rica |c 2021 | ||
| 500 | |a Proyecto de graduación (licenciatura en ingeniería civil)--Universidad de Costa Rica. Facultad de Ingeniería. Escuela de Ingeniería Civil | ||
| 501 | |a Director de Proyecto de Graduación: Ing. Javier Zamora Rojas, MScE | ||
| 650 | |x SEGURIDAD VIAL |x CARRETERAS - MEDIDAS DE SEGURIDAD |x ACCIDENTES DE TRANSITO - PREVENCION - COSTA RICA |x CAMINOS - INTERCAMBIOS E INTERSECCIONES - CURRIDABAT (SAN JOSÉ, COSTA RICA) |x CAMINOS - INTERCAMBIOS E INTERSECCIONES - MONTES DE OCA, SAN PEDRO (SAN JOSÉ, COSTA RICA) | ||
| 700 | |9 131 |a Zamora Rojas, Javier |d Director del TFG | ||
| 856 | |u https://cedi.ucr.ac.cr/civil/analisis-de-interacciones-y-conflictos-viales-de-forma-semiautomatizada-en-intersecciones-de-montes-de-oca-y-curridabat/ |y https://cedi.ucr.ac.cr/civil/analisis-de-interacciones-y-conflictos-viales-de-forma-semiautomatizada-en-intersecciones-de-montes-de-oca-y-curridabat/ | ||
| 942 | |c CEDI |h TFG 8538 |2 ddc |6 TFG_8538_000000000000000 | ||
| 999 | |c 21889 |d 21889 | ||
